| 000 | 00436nam a22001697a 4500 | ||
|---|---|---|---|
| 003 | DO-SdBNP | ||
| 005 | 20210913142357.0 | ||
| 007 | ta | ||
| 008 | 210913b 2002 dr 0| 0 eng d | ||
| 040 |
_aDO-SdBNP _bspa _cBNPHU |
||
| 100 | 1 |
_aTorribio, Daniel _979851 |
|
| 245 | 1 | 3 |
_aLa economía real dominicana / _cDaniel Toribio |
| 260 |
_aSanto Domingo : _bTele-3, _c2002. |
||
| 300 |
_a139 p. ; _c24 cm. |
||
| 910 | _aBtavárez | ||
| 942 |
_2ddc _cLBS1 |
||
| 999 |
_c50483 _d50483 |
||